1724 1294 1976 1520 1113 1798 1534 1800 1694 1621 1080 1448 1449 1432 1782 1693 1750 1163 1524 1835 1752 1056 1809 1838 1459 1145 1010 1062 1230 1340 1523 1517 1019 1998 1363 1180 1465 1400 1093 1776 1696 1091 1515 1166 1649 1757 1539 1444 1954 1101 1275 1430 1520 1013 1067 1165 1712 1470 1411 1973 1141 1232 1003 1239 1118 1273 1623 1134 1534 1756 1938 1365 1178 1876 1470 1649 1578 1292 1558 1538 1872 1070 1515 1636 1352 1651 1312 1940 1851 1079 1664 1932 1609 1823 1755 1843 1172 1120 1117 BCNSPRNW ULIB Ver.6.0+V

เปลี่ยนเป็นภาษาไทย

Change to English
 แสดงรายละเอียดบรรณานุกรม
  กลับหน้าหลัก

Brief Record : Get Marc (ISO 2709) : E-mail record : QR code < ปิดหน้าต่าง
LEADER : 00000nam 2200000uu 4500
001    13399114817
003     ULIB
008    120523s2550||||th 000 0 tha d
020    ^a9789744223739 (ล.7)
060 04 ^aQZ200^bง311ส ล.7
245 00 ^aสถิติโรคมะเร็ง ศูนย์มะเร็ง ชลบุรี ปี พ.ศ.2549 =^bHospital-based cancer registry /^cศูนย์มะเร็ง ชลบุรี
246 31 ^aHospital-based cancer registry
260    ^a ชลบุรี :^bศูนย์มะเร็ง ชลบุรี,^c2550
300    ^a 50 หน้า
650  7 ^aมะเร็ง^xสถิติและข้อมูลตัวเลข
710 2  ^aศูนย์มะเร็ง ชลบุรี
945    ^p0^l0^i031807
995    ^a เกษร
999    ^aใช้งานได้ทุกระบบ
รายการนี้ยังไม่มีแท็ก
คุณยังไม่ได้ล็อกอิน คุณสามารถมีกิจกรรมร่วมกับเว็บไซต์ได้ แต่ต้องล็อกอินก่อน ::
  ล็อกอิน

รายการสื่อสารสนเทศ

ลำดับที่ ประเภท เลขเรียก/บาร์โค้ด สถานที่ สถานะ
- ไม่พบข้อมูล -

BibComment


ยังไม่เคยถูกคอมเมนท์

คอมเมนท์ทรัพยากรรายการนี้
  คอมเมนท์: สถิติโรคมะเร็ง ศ..


 Copyright 2026. Bcnsprnw @Library